The tragedy of Korea With twenty-seven illustrations

Wedi'i Gadw mewn:
Manylion Llyfryddiaeth
Prif Awdur: F. A. McKenzie
Fformat: Llyfr
Iaith:Undetermined
Cyhoeddwyd: Korea Yonsei University Press 1969
Pynciau:
Tagiau: Ychwanegu Tag
Dim Tagiau, Byddwch y cyntaf i dagio'r cofnod hwn!
Thư viện lưu trữ: Trung tâm Học liệu Trường Đại học Cần Thơ
LEADER 00544nam a2200205Ia 4500
001 CTU_90708
008 210402s9999 xx 000 0 und d
082 |a 915.19 
082 |b M478 
100 |a F. A. McKenzie 
245 4 |a The tragedy of Korea 
245 0 |b With twenty-seven illustrations 
245 0 |c F. A. McKenzie 
260 |a Korea 
260 |b Yonsei University Press 
260 |c 1969 
650 |a japanese,korea 
650 |x korea,history 
904 |i Mai Loan 
980 |a Trung tâm Học liệu Trường Đại học Cần Thơ